| 000 | 00663nam a22002177a 4500 | ||
|---|---|---|---|
| 999 |
_c7282 _d7282 |
||
| 003 | OSt | ||
| 005 | 20200102161759.0 | ||
| 008 | 200102t20192020sp o | 001 0 spadd | ||
| 017 |
_aDL M-29670-2019 _bOficina DL Madrid |
||
| 020 | _a9788441541979 | ||
| 040 |
_aES-BaUAB _bcat _cCDMR |
||
| 100 | 1 | _aRivas, Rodrigo, | |
| 245 | 1 | 0 |
_aFotografía con móviles _b: visión y técnica fotográfica / _cRodrigo Rivas |
| 260 |
_aMadrid : _bAnaya Multimedia, _c2019 |
||
| 300 |
_a231 p. : _bill. ; _c29 cm |
||
| 504 | _aÍndex | ||
| 650 | 0 | 4 | _aTelèfon mòbil |
| 650 | 0 | 7 |
_aFotografia _xAparells i accessoris _2lemac |
| 650 | 0 | 4 |
_aFotografia _xTècniques digitals |
| 942 | _cMON | ||